000 01275pam a2200337 4500
001 12539
003 BD-RjUL
005 20211208235319.0
008 140129s1973 nyua b 001 0 eng
020 _a0471959057
035 _a(BD-RjUL)12588
040 _aDLC
_cDLC
_dDLC
_dBD-RjUL
_beng
041 _aeng
060 _aQY490 W855p 1973
082 0 0 _a616.0756
_bWOP 1973
100 1 _aWolf, Paul L.
_939051
245 1 0 _aPractical clinical enzymology: techniques and interpretations /
_cPaul L. Wolf [and] Dorothy Williams, and Biochemical profiling [by] Elisabeth Von der Muehll [and] Paul L. Wolf.
260 _aNew York :
_bWiley ,
_cc1973
300 _a580 p. :
_billus. ;
_c23 cm.
500 _a"A Wiley-Interscience publication."
500 _a"Multiphasic testing [by] Elisabeth Von der Muehll and Paul L. Wolf": p. 396-567.
504 _aIncludes bibliographies and index.
650 0 _aClinical enzymology.
_939053
650 2 _aEnzyme tests.
_939054
700 1 _aWilliams, Dorothy,
_d1931-
_ejoint author.
_939055
700 1 2 _aVon der Muehll, Elisabeth.
_tBiochemical profiling. 1973.
_939056
942 _2ddc
_cBK
999 _c12539
_d12539